000 00857cam a2200277 i 4500
001 13020
003 BD-RjUL
005 20211208235407.0
008 140130s1975 enka b 001 0 eng
020 _a0333150244 :
_a0333185609
035 _a(BD-RjUL)13070
040 _aDLC
_cDLC
_dDLC
_dBD-RjUL
_beng
041 _aeng
082 0 0 _a621.38
_bCOM 1975
100 1 _aCoates, R. F. W.
_q(Rodney F. W.)
_940574
245 1 0 _aModern communication systems /
_c[by] R. F. W. Coates.
260 _aLondon :
_bMacmillan,
_cc1975.
300 _axi, 292 p. :
_bill. ;
_c24 cm.
490 0 _aElectrical and electronic engineering
504 _aIncludes bibliography (p. [287]-289) and index.
650 0 _aTelecommunication.
_940575
650 0 _aSignal theory (Telecommunication)
_940576
942 _2ddc
_cBK
999 _c13020
_d13020